000 00351nmm a2200145 a 4500
003 AR-BaBNM
005 20251128203150.0
008 203119s1920 ||||||||||||||000 | spa||
040 _cAR-BaBNM
100 1 _aLira, Carmen
245 1 0 _aLos cuentos de mi tía Panchita
260 _a[S.l.]
_bGarcía Monge
_c1920
942 _cBK
998 _cMATO MOURAZOS
999 _c2193
_d2193